000 00374nam a22001217a 4500
999 _c17551
_d17551
008 221107b ||||| |||| 00| 0 eng d
100 _aDomingo, Ronnel W.
_946658
245 _aElectric co-ops need P1B to cover damage caused by "Tisoy" /
260 _aPhilippines ;
_cDecember 20, 2019.
_bInquirer,
300 _apage B2-2.
650 _aBusiness.
_946659
942 _2ddc
_cPER